000 00437nam a2200169Ia 4500
005 20250603144434.0
008 250603s9999 xx 000 0 und d
020 _a9783902767233
050 _aBP 605.B4. A23/
245 0 _aAbd-ru-shin: In the light of truth. The grail message
260 _aVomperberg
260 _bAlexander Bernhardt Publishing Co.
260 _c2011
300 _a1122 p
650 _aVomperberg
942 _cBK
999 _c38920
_d38920